مكتبة جامعة عجلون الوطنية

فهرس بحث المكتبة

The Extent of Application of the International Accounting Standard Number 18 (IAS 18) in the Jordanian Shareholding Industrial Companies = مدى تطبيق معيار المحاسبة الدولي رقم (18) في الشركات الصناعية المساهمة الأردنية / (Record no. 33269)

MARC details
000 -LEADER
fixed length control field 01054nam a22002177a 4500
003 - CONTROL NUMBER IDENTIFIER
control field JO-AjAnu
005 - DATE AND TIME OF LATEST TRANSACTION
control field 20240623130714.0
008 - FIXED-LENGTH DATA ELEMENTS--GENERAL INFORMATION
fixed length control field 231211b jo ||||| |||| 00| 0 ara d
040 ## - CATALOGING SOURCE
Original cataloging agency JO-AjAnu
Language of cataloging eng
Transcribing agency JO-AjAnu
Description conventions rda
041 #0 - LANGUAGE CODE
Language code of text/sound track or separate title eng
Language code of original eng
050 ## - LIBRARY OF CONGRESS CALL NUMBER
Classification number HF5626.
Item number M37 2008
100 #1 - MAIN ENTRY--PERSONAL NAME
Personal name Mardini,Ghassan H
9 (RLIN) 64904
Relator term Prepared
245 #0 - TITLE STATEMENT
Title The Extent of Application of the International Accounting Standard Number 18 (IAS 18) in the Jordanian Shareholding Industrial Companies = مدى تطبيق معيار المحاسبة الدولي رقم <br/> (18) في الشركات الصناعية المساهمة الأردنية /
Statement of responsibility, etc. supervisor Munther Talal Momany ؛ Preparad Ghassan Hani Mardini
260 ## - PUBLICATION, DISTRIBUTION, ETC.
Date of publication, distribution, etc. 2008
300 ## - PHYSICAL DESCRIPTION
Extent 89 paper
500 ## - GENERAL NOTE
General note Thesis(M.Ec. in Accounting)-Y.U.(Irbid-Jordan), Faculty of Economics and Administrative Sciences, Department of Accounting,2008
504 ## - BIBLIOGRAPHY, ETC. NOTE
Bibliography, etc. note تحتوي على مراجع
650 40 - SUBJECT ADDED ENTRY--TOPICAL TERM
Topical term or geographic name entry element Accounting- Standards- Jordan
9 (RLIN) 64906
700 #1 - ADDED ENTRY--PERSONAL NAME
Personal name Momany, Munther T
9 (RLIN) 64907
Relator term supervisor
942 ## - ADDED ENTRY ELEMENTS (KOHA)
Source of classification or shelving scheme Library of Congress Classification
Koha item type Thesis
Suppress in OPAC No
Holdings
Withdrawn status Lost status Source of classification or shelving scheme Damaged status Not for loan Home library Current library Date acquired Total Checkouts Full call number Barcode Date last seen Price effective from Koha item type
    Library of Congress Classification     مكتبة جامعة عجلون الوطنية مكتبة جامعة عجلون الوطنية 11/12/2023   HF5626.M37 2008 E3522 11/12/2023 11/12/2023 Thesis